02066cam a22005054i 4500003000900000005001700009008004100026020001800067035002000085040003300105049000900138082002200147100003700169245015800206264002800364300004500392336002100437337002500458338002300483490007100506504004000577504003500617505024400652526001000896526001000906526001000916526001000926526000800936526000800944526000800952526000800960526000800968526000800976526000800984600004700992650004601039650002301085910002801108942001401136994001401150596000601164999016201170980005501332952017301387PE-LiUPU20250731173052.0180306s2017 ne rb 001 0 eng d a9789004347366 a(Sirsi) a241421 aPE-LiUPUbspacPE-LiUPUerda aPRUA04a262.0011bL642231 aLim, Timothy Teck Ngern,eautor.10aEcclesial recognition with Hegelian philosophy, social psychology & continental political theory :ban interdisciplinary proposal /cby Timothy T.N. Lim. 1aLeiden :bBrill,c2017. aviii, 237 páginas ;c24 centímetros. atext2rdacontent aunmediated2rdamedia avolume2rdacarrier0 aTheology and mission in world Christianity,x2452-2953 ;vVOLUME 6 aBibliografía : páginas 227-231. aÍndices : páginas 232-237.0 aAmbiguous identities -- Religious tensions in the 1520s -- Anabaptists: a special case? -- Magisterial reform and religious deviance -- Making the bi-confessional city: political -- Making the bi-confessional city: religious -- Conclusion. aSEG42 aSEG41 aSEG40 aSEG39 aP94 aP87 aP86 aP85 aP77 aP76 aP351 aHegel, Georg Wilhelm Friedrich, 1770-1831. 0aReconocimiento (Relaciones ecuménicas). 0aUnión cristiana. adbmbjpccjpcd20180306 2ddccBOOK aC0bPEPRU a1 a262.0011 L64wDEWEYc27059i78388f2021-11-10g4lCCODEBUL1mBULp64.00r0sYtBOOKu2018-3-6xTEOLOGIAPP350DONACIONo.STAFF. Colección Teologíad27059 81gALBERTO SANCHEZ Responsable de Automatización r2025-12-02 00:00:00i5l0o262.0011 L64p78388te1v69.00w2018-03-06xFTyBKzinventario-2023-12-13102ddc50708GENfP35aBULbBULcGENd2018-03-06eDONACIONg64.00